000 00997nam a2200313 i 4500
001 56362
003 KOSZ 005
005 20220608132341.0
008 090515s2008 pl a f f |000 0 pol
015 _aPB 25658/2008
020 _a9788389901316
040 _cKOSZ 005
_aKOSZ 005
_dKOSZ 005/HR
041 _apol
080 _a681.5
080 _a(075.8)
245 0 0 _aUkłady automatyzacji :
_bćwiczenia laboratoryjne /
_cpod red. Jerzego Brzózki.
260 _aSzczecin :
_bWydawnictwo Naukowe Akademii Morskiej,
_c2008.
300 _a173, [2] s. :
_bil. ;
_c24 cm.
380 _aKsiążki
388 _a2001-
504 _aBibliogr. przy rozdz.
650 4 _aAutomatyka
650 4 _aUrządzenia sterujące
655 _aPodręczniki akademickie
658 _aInżynieria i technika
700 1 _aBrzózka, Jerzy
_eRedakcja
856 _uhttp://koha.tu.koszalin.pl/cgi-bin/koha/opac-detail.pl?biblionumber=56362
_yKatalog online BPK
942 _cKS
_2UKD
999 _c56362
_d56362